000
00321nam a2200133Ia 4500
005
20251222143214.0
008
251222s9999||||xx |||||||||||||| ||spa||
020
_a
84-7046-127-3
082
_a
379.201/F78
100
_a
Fourcade, René
245
0
_a
Hacia una Renovación Pedagogía:
264
_b
Kapeluz
942
_c
LIB
999
_c
13551
_d
13551